| 000 | 00485nam a2200205Ia 4500 | ||
|---|---|---|---|
| 008 | 130729s9999 xx 000 0 und d | ||
| 020 | _a486689220 | ||
| 072 | _aMathematical Analysis | ||
| 082 | _a515 | ||
| 082 | _bSh623 | ||
| 100 |
_aShilov, Georgi E. _9825 |
||
| 245 | _aElementary Real and Complex Analysis | ||
| 245 | _cShilov, Georgi E. | ||
| 260 | _aNew York | ||
| 260 | _bDover | ||
| 260 | _c1973 | ||
| 300 | _a504 | ||
| 300 | _fIllustration & index | ||
| 942 | _cBK | ||
| 999 |
_c6640 _d6640 |
||